|
|
|
|
| LEADER |
00000cam a2200000 i 4500 |
| 001 |
1/99586 |
| 008 |
000302s1996 gr | ||| |||| ||gre|| |
| 020 |
|
|
|a 960777812X
|
| 035 |
|
|
|l 10056944
|
| 040 |
|
|
|a GR-MyUA
|b gre
|e AACR2
|
| 041 |
1 |
|
|a gre
|h eng
|
| 082 |
0 |
|
|a 521.3
|
| 100 |
1 |
|
|a Goodstein, David L.,
|d 1939-
|
| 245 |
1 |
2 |
|a Η χαμένη διάλεξη του Feynman :
|b η κίνηση των πλανητών γύρω από τον ήλιο /
|c David L. Goodstein και Judith R. Goodstein.
|
| 260 |
|
|
|a Αθήνα :
|b Κάτοπτρο,
|c c1997.
|
| 300 |
|
|
|a 217 σ. :
|b εικ. ;
|c 21 εκ.
|
| 500 |
|
|
|a Τίτλος πρωτοτύπου: Feynman's lost lecture.
|
| 504 |
|
|
|a Περιέχει βιβλιογραφικές αναφορές και ευρετήριο.
|
| 600 |
1 |
0 |
|a Feynman, Richard P.
|q (Richard Phillips),
|d 1918-1988.
|
| 650 |
0 |
0 |
|a Planets
|x Orbits.
|
| 650 |
0 |
0 |
|a Celestial mechanics.
|
| 650 |
0 |
0 |
|a Conic sections.
|
| 700 |
1 |
|
|a Goodstein, Judith R.
|
| 852 |
|
|
|a INST
|b SAMOS
|e 20000302
|h 521.3 GOO
|p 005300015848
|q 005300015848
|t BK
|y 0
|
| 901 |
|
|
|a BIBL3-2000-1
|
| 909 |
|
|
|a Σ
|b 071802
|
| 922 |
|
|
|a 3ΕΛΗ
|b 199912
|c ΒΙΒΛΙΟΘΗΚΗ
|d ΠΑΠΑΣΩΤΗΡΙΟΥ
|
| 950 |
|
|
|a 127-1999-11-23
|
| 970 |
|
|
|a ΓΕΝΟΥΖΟΥ
|b ΧΡΥΣΑΝΘΗ
|z 2000/03/02
|